000 03908cam a22004218i 4500
001 21031443
003 OSt
005 20230921161926.0
008 190615s2020 enk b 001 0 eng c
010 _a 2019020444
020 _q9780367443610
020 _a9781138611818
020 _z9780367334864
_q(ebook)
040 _aLBSOR/DLC
_beng
_erda
_cDLC
042 _apcc
043 _ai------
050 0 0 _aDS340
_b.I523 2020
082 0 0 _a909.09824
_bMUK/I
245 0 0 _aIndian Ocean histories :
_bthe many worlds of Michael Naylor Pearson /
_cedited by Rila Mukherjee and Radhika Seshan.
263 _a1909
264 1 _aAbingdon, Oxon ; New York, NY :
_bRoutledge,
_c2020.
300 _a274 pages
336 _atext
_btxt
_2rdacontent
337 _aunmediated
_bn
_2rdamedia
338 _avolume
_bnc
_2rdacarrier
504 _aIncludes bibliographical references and index.
505 0 _aIntroduction: Indian Ocean histories / Rila Mukherjee -- The Indian Ocean : global nexus, 1500-1800 / Patrick Manning -- The Sodden archive : Africa, the Atlantic and the Indian Ocean / Isabel Hofmeyr -- The Kakatiyas, Motupalli and the Southern Bay of Bengal linkages / Radhika Seshan -- Regional identities, maritime networking and Islamic conversions in fifteenth-century Java / Kenneth R. Hall -- Brokers and go-betweens within the Portuguese state of India (1500-1700) / Amélia Polo'nia -- South Asian settlers at Batavia in the seventeenth and eighteenth centuries / Ryuto Shimada -- Physicians, surgeons, merchants and healers : production, circulation and reconfiguration of knowledge in eighteenth-century Portuguese India / Fabiano Bracht -- Indian seamen (lascars), shipboard labor regime, and the East India Company in the first half of the nineteenth century / Ghulam A. Nadri -- Hazards and history on the western Australian coast : the 'Pearling Fleet Disaster' of 1887 / Joseph Christensen -- Landscape, rajah and wax prints : contemporary archaeologies of India in Mozambique / Pedro Pombo -- Littoral shell tracks : tracing Burma's transregional pearl histories / Pedro Machado -- Michael Naylor Pearson : the discipline of history, the sea and the man / Rila Mukherjee.
520 _a"Michael Naylor Pearson's work falls under the genre of global or world history and has tremendous impact on the study of the Indian Ocean world. He brought together different disciplines, and emphasized on the holistic view of the worlds of water. This book will serve as a guide and as a reader for Indian Ocean studies. It brings together scholars from different disciplines across the world (all of whom have been influenced by Michael Pearson's work) and points out several ways of writing the Indian Ocean history. The book discusses the changing nature of Indian Ocean history along with state and capital, regional identities, maritime networking, Islamic conversions, south Asian immigrants, Bay of Bengal linkages, East India Company, Indian seamen, the issues of colonial copyright, customs, excise and port cities etc. among many themes to give a comprehensive understanding of the study of Indian Ocean. With maritime history gaining prominence, this volume will be useful for scholars and researchers of history, modern history, medieval history, Indian history, colonial history and world history"--
_cProvided by publisher.
600 1 0 _aPearson, M. N.
_q(Michael Naylor),
_d1941-
651 0 _aIndian Ocean Region
_xHistoriography.
651 0 _aIndian Ocean Region
_xHistory.
700 1 _aMukherjee, Rila,
_eeditor.
700 1 _aSeshan, Radhika,
_eeditor.
776 0 8 _iOnline version:
_tIndian Ocean histories
_dLondon ; New York, NY : Routledge, Taylor & Francis Group, 2020
_z9780367334864
_w(DLC) 2019981060
906 _a7
_bcbc
_corignew
_d1
_eecip
_f20
_gy-gencatlg
942 _2ddc
_cBK
_h909.09824
_iMUK/I
_k909.09824
_mMUK/I
999 _c42214
_d42214